Rebusy z pierwiastków chemicznych - fauna. - Statystyki

Ogólne statystyki
  • Ten quiz został rozwiązany 36 razy
  • Średni wynik to 21 z 25
Statystyki odpowiedzi
Wskazówka Odpowiedź % Poprawnych
lit, azot lin
97%
lit, siarka lis
97%
rad, potas rak
97%
żelazo, neon, potas fenek
94%
siarka, argon, sód sarna
94%
potas, osm kos
91%
krypton, uran, potas kruk
91%
potas, uran, sód kuna
91%
tlen, polon, siarka opos
91%
jod, bizmut, siarka ibis
89%
potas, argon, fosfor karp
89%
potas, tlen, lit, bor, erb koliber
89%
tlen, wolfram, wapń owca
89%
ren, potas, ind rekin
89%
ind, dysproz, potas indyk
86%
potas, argon, glin, uran, węgiel, wodór karaluch
83%
ren, azot, jod, fluor, erb renifer
83%
azot, argon, wolfram, glin narwal
80%
protaktyn, wolfram paw
80%
bor, argon, jod, bor, glin baribal
77%
tantal, fosfor, iryd tapir
77%
protaktyn, krzem, potas, tlen, nikiel, potas pasikonik
74%
protaktyn, azot, tellur, rad pantera
71%
nobel, radon, jod, wapń nornica
69%
protaktyn, pluton, gal papuga
66%
Nie znaleziono quizów pasujących do podanych kryteriów
Rozkład punktacji
Procent ludzi z każdym wynikiem
Percentyl według liczby udzielonych odpowiedzi
Twoja historia wyników
Nie rozwiązałeś tego quizu